Capitales des Amériques et Caraïbes - Quiz - Statistiques

Statistiques générales
  • Ce quiz a été pris 153 fois
  • Le résultat moyen est 31 sur 57
Statistiques - réponses
Hint Réponse % Correct
Mexique Mexico
92%
Argentine Buenos Aires
90%
Brésil Brasilia
89%
États-Unis Washington
89%
Panama Panama
88%
Guatemala Guatemala
86%
Canada Ottawa
86%
Haïti Port-au-Prince
85%
Équateur Quito
85%
Cuba La Havane
84%
Chili Santiago
84%
Jamaïque Kingston
82%
Saint-Vincent-et-les-Grenadines Kingstown
82%
Bolivie La Paz / Sucre
82%
Pérou Lima
81%
Colombie Bogotá
79%
Venezuela Caracas
79%
Salvador San Salvador
79%
Uruguay Montevideo
78%
Costa Rica San José
78%
Nicaragua Managua
77%
Paraguay Asunción
75%
République Dominicaine Saint-Domingue
75%
Honduras Tegucigalpa
74%
Bahamas Nassau
67%
Belize Belmopan
64%
Suriname Paramaribo
64%
Guyana Georgetown
63%
Îles Caïmans George Town
63%
Saint-Christophe-et-Niévès Basseterre
62%
Guadeloupe Basse-Terre
62%
Dominique Roseau
62%
Trinité-et-Tobago Port-d'Espagne
60%
Barbade Bridgetown
53%
Grenade Saint George's
53%
Antigua-et-Barbuda Saint John's
53%
Sainte-Lucie Castries
52%
Martinique Fort-de-France
52%
Guyane Cayenne
45%
Porto Rico San Juan
36%
Groenland Nuuk
29%
Saint-Pierre-et-Miquelon Saint-Pierre
29%
Aruba Oranjestad
19%
Saint-Eustache Oranjestad
19%
Bermude Hamilton
16%
Îles Turques et Caïques Cockburn Town
15%
Curaçao Willemstad
15%
Montserrat Plymouth
14%
Îles Vierges Britanniques Road Town
14%
Saint-Barthélémy Gustavia
12%
Saint-Martin (France) Marigot
12%
Anguilla The Valley
12%
Îles Malouines Port Stanley
11%
Îles Vierges Américaines Charlotte-Amélie
10%
Saint-Martin (Pays-Bas) Philipsburg
10%
Saba The Bottom
8%
Bonaire Kralendijk
5%
Aucun quiz correspondant
Distribution des résultats
% des personnes avec chaque résultat
Percentile par nombre de réponses
Votre historique - résultats
Vous n’avez pas pris ce quiz